000 00645nam a2200241Ia 4500
003 OSt
005 20220918225026.0
006 a|||||r|||| 00| 0
007 ta
008 220917b |||||||| |||| 00| 0 eng d
024 _a236,227
037 _cTextual
040 _aARTS
_cARTS
_beng
041 _2eng
_aeng
082 _aV613:28b5, K1
245 0 _aFederal Pension Fund Board
_b Annual report
260 _aSalisbury
_bThe Government Printer
_c1961
300 _a6p.
_ccm.
490 _aFederation of rhodesia and nysaland
650 _aHISTORY
942 _hV613:28b5, K1
_cTEXL
_2CC
999 _c283156
_d283156